| 000 | 00339nam a2200121 a 4500 | ||
|---|---|---|---|
| 005 | 20260222125926.0 | ||
| 008 | 260217s2026##################000#0#eng## | ||
| 020 | _a9780521096720 | ||
| 082 | 0 | 4 |
_a330.122 _bHAR |
| 100 | _a Harcourt G.C | ||
| 245 | 1 | 0 |
_aSome Cambridge Controversies in the Theory of Capital _c/ G.C Harcourt |
| 942 | _cENGLISH | ||
| 999 |
_c613009 _d613009 |
||